[Event "Jan Macieja Memorial"]
[Site "Warsaw POL"]
[Date "2023.07.10"]
[Round "11.2"]
[White "Piorun, Kacper"]
[Black "Heberla, Bartlomiej"]
[Result "1-0"]
[WhiteElo "2583"]
[BlackElo "2450"]
[EventDate "2023.07.10"]
[PlyCount "79"]

1.e4 e5 2.Nc3 Nf6 3.Bc4 Bb4 4.d3 d5 5.exd5 Nxd5 6.Ne2 Nc6 7.O-O Be6 8.Bxd5 Bxd5 
9.f4 f6 10.f5 Bc5+ 11.Kh1 Bf7 12.Ne4 Bb6 13.Bd2 Qe7 14.Qe1 O-O-O 15.b4 Nd4 
16.Nxd4 Bxd4 17.c3 Bb6 18.a4 a6 19.a5 Ba7 20.Be3 Bxe3 21.Qxe3 Kb8 22.Nc5 Rd5 
23.Qe4 c6 24.Qe3 Rhd8 25.h3 g6 26.Qf3 g5 27.Rae1 Qc7 28.Re3 h5 29.Qe2 Rg8 30.d4 
Re8 31.dxe5 Rexe5 32.Re1 Rxe3 33.Qxe3 Re5 34.Qf2 Bd5 35.Rxe5 fxe5 36.f6 Qf7 
37.Qf5 Ka7 38.Qxe5 Qg6 39.Qe7 Bxg2+ 40.Kh2 1-0

[Event "Jan Macieja Memorial"]
[Site "Warsaw POL"]
[Date "2023.07.10"]
[Round "11.3"]
[White "Nasuta, Grzegorz"]
[Black "Gagare, Shardul"]
[Result "1-0"]
[WhiteElo "2449"]
[BlackElo "2482"]
[EventDate "2023.07.10"]
[PlyCount "87"]

1.e4 e6 2.d4 d5 3.e5 c5 4.c3 Qb6 5.Nf3 Bd7 6.Bd3 Bb5 7.dxc5 Bxc5 8.b4 Be7 9.O-O 
Bxd3 10.Qxd3 Nd7 11.Na3 Rc8 12.Be3 Qa6 13.Qxa6 bxa6 14.Rfc1 Nb6 15.Rab1 Nh6 
16.c4 Nxc4 17.Nxc4 dxc4 18.Nd2 c3 19.Ne4 c2 20.Rb2 Ng4 21.Rbxc2 Rxc2 22.Rxc2 
O-O 23.Bc5 Bxc5 24.Rxc5 Rd8 25.g3 h6 26.h3 f5 27.Nc3 Rd4 28.hxg4 Rxg4 29.a3 f4 
30.Kg2 h5 31.Kf3 fxg3 32.fxg3 Rd4 33.Ne2 Rd3+ 34.Kf4 Rxa3 35.Nd4 Ra4 36.Nxe6 
Rxb4+ 37.Kf5 Rg4 38.Ng5 Kf8 39.Ke6 g6 40.Kf6 Ke8 41.e6 Rd4 42.Rc8+ Rd8 43.Rxd8+ 
Kxd8 44.Kf7 1-0

[Event "Jan Macieja Memorial"]
[Site "Warsaw POL"]
[Date "2023.07.10"]
[Round "11.4"]
[White "Koziorowicz, Michal"]
[Black "Tomczak, Jacek"]
[Result "0-1"]
[WhiteElo "2253"]
[BlackElo "2562"]
[EventDate "2023.07.10"]
[PlyCount "44"]

1.e4 e6 2.b3 d5 3.Bb2 dxe4 4.Nc3 Nf6 5.Qe2 Bb4 6.O-O-O Qe7 7.Kb1 a5 8.Nxe4 Nxe4 
9.Qxe4 O-O 10.Bd3 f5 11.Qe2 a4 12.Nf3 axb3 13.axb3 Ba3 14.Bc3 Nc6 15.Rhe1 Bb4 
16.Bb2 Qc5 17.Bb5 Qa7 18.Bxc6 Qa2+ 19.Kc1 Ba3 20.d4 Bxb2+ 21.Kd2 Qa5+ 22.Ke3 
f4+ 0-1

[Event "Jan Macieja Memorial"]
[Site "Warsaw POL"]
[Date "2023.07.10"]
[Round "11.5"]
[White "Socko, Bartosz"]
[Black "Sengupta, Deep"]
[Result "1/2-1/2"]
[WhiteElo "2520"]
[BlackElo "2361"]
[EventDate "2023.07.10"]
[PlyCount "93"]

1.g3 Nf6 2.Bg2 c5 3.e4 Nc6 4.d3 g6 5.Ne2 Bg7 6.O-O O-O 7.f4 d6 8.Nd2 Rb8 9.h3 
Bd7 10.g4 b5 11.Ng3 b4 12.g5 Ne8 13.Nc4 Nd4 14.Kh2 a5 15.Be3 a4 16.a3 b3 17.c3 
Nc2 18.Rc1 Be6 19.Bg1 d5 20.Ne3 Nxe3 21.Bxe3 d4 22.cxd4 cxd4 23.Bd2 Nd6 24.Bb4 
Bd7 25.e5 Nf5 26.Nxf5 Bxf5 27.Qf3 h6 28.h4 Qd7 29.Rc4 Rfc8 30.Rfc1 Bf8 31.Bc5 
Be6 32.Bh3 hxg5 33.Bxe6 Qxe6 34.hxg5 f6 35.Bxd4 fxg5 36.fxg5 Bg7 37.Qe4 Rxc4 
38.Rxc4 Rf8 39.Rc5 Qf7 40.e6 Qf1 41.Be3 Qe2+ 42.Kg3 Qe1+ 43.Kg2 Qf1+ 44.Kg3 
Qe1+ 45.Kg2 Qe2+ 46.Kg3 Qe1+ 47.Kg2 1/2-1/2

[Event "Jan Macieja Memorial"]
[Site "Warsaw POL"]
[Date "2023.07.10"]
[Round "11.6"]
[White "Baum, Jonasz"]
[Black "Cherniaiev, Tykhon"]
[Result "1/2-1/2"]
[WhiteElo "2277"]
[BlackElo "2450"]
[EventDate "2023.07.10"]
[PlyCount "106"]

1.d4 Nf6 2.c4 e6 3.Nc3 d5 4.cxd5 exd5 5.Bg5 Be7 6.e3 c6 7.Bd3 O-O 8.Nge2 h6 
9.Bxf6 Bxf6 10.Qc2 a5 11.O-O Re8 12.Nf4 Nd7 13.a3 Nf8 14.Nce2 Ne6 15.Nxe6 Bxe6 
16.Nf4 Qd6 17.Rae1 Bd7 18.Nh5 Be7 19.Ng3 Bf6 20.Nh5 Be7 21.Ng3 Bf6 22.Kh1 Rac8 
23.Qd2 c5 24.Nf5 Bxf5 25.Bxf5 Ra8 26.dxc5 Qxc5 27.Rc1 Qd6 28.Rfd1 Qe5 29.Qxd5 
Qxb2 30.Rc7 Re7 31.Rxe7 Bxe7 32.Rb1 Qxf2 33.Qxb7 Rf8 34.Qxe7 Qxf5 35.e4 Qf2 
36.h3 a4 37.Qb4 Qc2 38.Rf1 Re8 39.Qd4 Qxe4 40.Qxe4 Rxe4 41.Rf3 f6 42.Rc3 Kf7 
43.Rc7+ Kg6 44.Ra7 h5 45.Kg1 Rc4 46.Kf2 Kh6 47.Ra5 Rc2+ 48.Kg1 Rc4 49.Kf2 Kg6 
50.Ke2 Rc2+ 51.Kf1 Rc4 52.Kf2 h4 53.Kf1 Rc2 1/2-1/2

[Event "Jan Macieja Memorial"]
[Site "Warsaw POL"]
[Date "2023.07.10"]
[Round "11.7"]
[White "Kanarek, Marcel"]
[Black "Malicka, Maria"]
[Result "1-0"]
[WhiteElo "2388"]
[BlackElo "2168"]
[EventDate "2023.07.10"]
[PlyCount "99"]

1.e4 c6 2.d4 d5 3.Nc3 dxe4 4.Nxe4 Bf5 5.Ng3 Bg6 6.h4 h6 7.Nf3 e6 8.h5 Bh7 9.Bd3 
Bxd3 10.Qxd3 Nf6 11.Bd2 c5 12.O-O-O Nc6 13.Be3 Qa5 14.Qb3 O-O-O 15.Ne5 Nxe5 
16.dxe5 Ng4 17.Rxd8+ Qxd8 18.f4 Qd5 19.Qxd5 exd5 20.Bg1 g6 21.hxg6 fxg6 22.Kd2 
Kd7 23.Ke2 Ke6 24.Kf3 h5 25.c3 Nh6 26.Be3 Nf5 27.Nxf5 Kxf5 28.Rd1 Ke6 29.b4 
cxb4 30.cxb4 Bxb4 31.Rb1 a5 32.a3 Bxa3 33.Rb6+ Kd7 34.Rxb7+ Kc6 35.Rb6+ Kc7 
36.Rxg6 Bb2 37.Bb6+ Kd7 38.Rd6+ Ke7 39.Bxa5 d4 40.Bb4 Kf7 41.Rf6+ Kg7 42.Ke4 
Rb8 43.Bc5 Rd8 44.Rd6 Rc8 45.Bxd4 Bc1 46.f5 Rc2 47.Rd7+ Kg8 48.f6 Re2+ 49.Kf3 
Re1 50.f7+ 1-0

[Event "Jan Macieja Memorial"]
[Site "Warsaw POL"]
[Date "2023.07.10"]
[Round "11.8"]
[White "Mis, Mieszko"]
[Black "Kokoszczynski, Jan"]
[Result "1-0"]
[WhiteElo "2369"]
[BlackElo "2198"]
[EventDate "2023.07.10"]
[PlyCount "61"]

1.e4 e5 2.Nf3 Nc6 3.d4 exd4 4.Nxd4 Qf6 5.Nxc6 Bc5 6.Qf3 Qxf3 7.gxf3 dxc6 8.Nd2 
Ne7 9.Nb3 Bb6 10.a4 a6 11.Be3 Bxe3 12.fxe3 Bd7 13.Rg1 g6 14.Bc4 O-O 15.Nc5 Bc8 
16.O-O-O b5 17.Bb3 Kg7 18.Rd4 Re8 19.a5 Ng8 20.f4 Nf6 21.e5 Nh5 22.Rgd1 Bg4 
23.R1d2 Kf8 24.Nd7+ Bxd7 25.Rxd7 Re7 26.Rd8+ Re8 27.Rxa8 Rxa8 28.Rd7 c5 
29.Rxf7+ Kg8 30.Bd5 c6 31.Ra7+ 1-0

[Event "Jan Macieja Memorial"]
[Site "Warsaw POL"]
[Date "2023.07.10"]
[Round "11.9"]
[White "Zubova, Mariya"]
[Black "Kowalski, Igor"]
[Result "0-1"]
[WhiteElo "2116"]
[BlackElo "2367"]
[EventDate "2023.07.10"]
[PlyCount "90"]

1.e4 c6 2.d4 d5 3.exd5 cxd5 4.Bd3 Nc6 5.c3 Nf6 6.h3 g6 7.Nf3 Bf5 8.Ne5 Rc8 
9.Nxc6 bxc6 10.Bxf5 gxf5 11.Be3 e6 12.b4 Bd6 13.g3 Ne4 14.Qd3 Rg8 15.Nd2 a5 
16.a3 Ra8 17.Nxe4 fxe4 18.Qd1 Qb8 19.g4 Kd7 20.Rb1 axb4 21.axb4 Ra2 22.Qb3 Qa7 
23.b5 Rb8 24.c4 dxc4 25.Qxc4 Qa5+ 26.Kf1 cxb5 27.Qb3 Qa3 28.Kg2 b4 29.Rhc1 Qxb3 
30.Rxb3 Rba8 31.Rc4 R8a3 32.Rxa3 bxa3 33.Ra4 Rc2 34.Ra7+ Rc7 35.Ra5 Rc2 36.d5 
exd5 37.Rxd5 Ke6 38.Ra5 a2 39.Bd4 e3 40.Bxe3 Be5 41.Ra6+ Kd7 42.Ra7+ Kc8 
43.Ra8+ Kb7 44.Ra7+ Kb8 45.Ra6 a1=Q 0-1

[Event "Jan Macieja Memorial"]
[Site "Warsaw POL"]
[Date "2023.07.10"]
[Round "11.10"]
[White "Sliwicki, Damian"]
[Black "Pacan-milej, Kosma"]
[Result "0-1"]
[WhiteElo "2005"]
[BlackElo "2302"]
[EventDate "2023.07.10"]
[PlyCount "68"]

1.e4 c6 2.Nc3 d5 3.Qf3 d4 4.Bc4 e6 5.Nce2 c5 6.d3 Nc6 7.Qg3 h5 8.h4 Nf6 9.Bg5 
Bd6 10.f4 Qa5+ 11.c3 Ng4 12.O-O-O Bd7 13.e5 Bc7 14.Kb1 Rf8 15.f5 Bxe5 16.Qe1 
Ne3 17.Bxe3 dxe3 18.Nf3 Bf6 19.fxe6 fxe6 20.Ng5 Bxg5 21.hxg5 O-O-O 22.Rxh5 Ne5 
23.Nc1 Nxc4 24.dxc4 Be8 25.Rxd8+ Qxd8 26.Rh3 Bg6+ 27.Ka1 Qd2 28.Rxe3 Qc2 29.Ne2 
Rd8 30.Nd4 cxd4 31.Re2 Qd3 32.a4 dxc3 33.Rxe6 Qd1+ 34.Ka2 Qxa4# 0-1

[Event "Jan Macieja Memorial"]
[Site "Warsaw POL"]
[Date "2023.07.10"]
[Round "11.11"]
[White "Tsiapko, Andrii"]
[Black "Zochowski, Kacper"]
[Result "0-1"]
[WhiteElo "1903"]
[BlackElo "2262"]
[EventDate "2023.07.10"]
[PlyCount "69"]

1.d4 d6 2.Nf3 Nd7 3.e4 e5 4.c3 Ngf6 5.Nbd2 Be7 6.dxe5 Nxe5 7.Nxe5 dxe5 8.Be2 
O-O 9.O-O b6 10.Qc2 Bb7 11.a4 a5 12.b3 Bd6 13.Ba3 Bxa3 14.Rxa3 Qe7 15.Raa1 Rfd8 
16.Rad1 Rd7 17.Bb5 Rd6 18.f3 Rad8 19.Be2 Nh5 20.g3 Qg5 21.Nc4 Nxg3 22.Nxd6 
Nxf1+ 23.Kxf1 cxd6 24.Bc4 Qf4 25.Qf2 h5 26.Rd3 Rd7 27.Bb5 Rc7 28.Qxb6 Bxe4 
29.Qxc7 Bxd3+ 30.Bxd3 Qxf3+ 31.Kg1 Qxd3 32.Qxa5 e4 33.Qa8+ Kh7 34.Qc6 e3 35.Qe8 0-1

[Event "Jan Macieja Memorial"]
[Site "Warsaw POL"]
[Date "2023.07.10"]
[Round "11.12"]
[White "Mulawa, Cyprian"]
[Black "Orzech, Dominik"]
[Result "1-0"]
[WhiteElo "2081"]
[BlackElo "2256"]
[EventDate "2023.07.10"]
[PlyCount "77"]

1.d4 Nf6 2.c4 c5 3.e3 g6 4.Nf3 Bg7 5.b3 d5 6.Bb2 O-O 7.dxc5 Qa5+ 8.Nbd2 Rd8 
9.a3 Qxc5 10.b4 Qc7 11.Qb3 a5 12.cxd5 axb4 13.Bc4 Nbd7 14.axb4 Rxa1+ 15.Bxa1 b5 
16.Bxb5 Qc1+ 17.Qd1 Qa3 18.O-O Qxb4 19.Bc6 Ba6 20.Qb1 Qa5 21.Rd1 Be2 22.Re1 
Bxf3 23.Nxf3 Nxd5 24.Bxg7 Kxg7 25.Bxd5 Qxd5 26.Rd1 Qe6 27.Qa1+ Qf6 28.Qa5 Rb8 
29.Rxd7 Rb1+ 30.Ne1 Ra1 31.Qd2 Qb2 32.Kf1 Rxe1+ 33.Kxe1 Qb1+ 34.Ke2 Qb5+ 35.Qd3 
Qh5+ 36.f3 Qxh2 37.Qd4+ Kh6 38.Qf4+ Qxf4 39.exf4 1-0

[Event "Jan Macieja Memorial"]
[Site "Warsaw POL"]
[Date "2023.07.10"]
[Round "11.13"]
[White "Sriram, Jha"]
[Black "Golecki, Jan"]
[Result "1-0"]
[WhiteElo "2221"]
[BlackElo "2122"]
[EventDate "2023.07.10"]
[PlyCount "65"]

1.d4 Nf6 2.Nf3 e6 3.c4 b6 4.g3 Ba6 5.Qa4 c5 6.Bg2 Bb7 7.dxc5 Bxc5 8.O-O O-O 
9.Nc3 Qe7 10.Rd1 d5 11.cxd5 Nxd5 12.Nxd5 Bxd5 13.Bg5 Qb7 14.b4 b5 15.Qa3 Bb6 
16.Re1 Nd7 17.Rad1 a5 18.e4 axb4 19.Qxb4 Ra4 20.Qd6 Bc5 21.Qf4 Bxa2 22.Qc1 Bc4 
23.Nd2 Ra2 24.Be3 Bxe3 25.Rxe3 Ne5 26.Qb1 Rd8 27.Nxc4 Rxd1+ 28.Qxd1 Qa8 29.Nb6 
Qb8 30.Qd4 Ng4 31.Rd3 Ra1+ 32.Qxa1 Qxb6 33.Qa8+ 1-0

[Event "Jan Macieja Memorial"]
[Site "Warsaw POL"]
[Date "2023.07.10"]
[Round "11.14"]
[White "Karpus, Michal"]
[Black "Redzisz, Michal"]
[Result "1-0"]
[WhiteElo "2181"]
[BlackElo "2103"]
[EventDate "2023.07.10"]
[PlyCount "111"]

1.e4 c6 2.d4 d5 3.Nc3 dxe4 4.Nxe4 Bf5 5.Ng3 Bg6 6.h4 h6 7.Nf3 Nd7 8.h5 Bh7 
9.Bd3 Bxd3 10.Qxd3 e6 11.Bd2 Ngf6 12.O-O-O a5 13.Kb1 a4 14.Ne4 Nxe4 15.Qxe4 Nf6 
16.Qe2 a3 17.b3 Be7 18.g4 Qd5 19.Rhg1 Qe4 20.Qxe4 Nxe4 21.Be3 Nc3+ 22.Kc1 Bb4 
23.Rd3 Ne2+ 24.Kd1 Nxg1 25.Nxg1 Ke7 26.c3 Bd6 27.Nf3 Rhd8 28.Kc2 Rac8 29.b4 b6 
30.Kb3 c5 31.Kxa3 cxb4+ 32.cxb4 Rc4 33.Bd2 b5 34.Kb3 Rc6 35.d5 Ra6 36.dxe6 Rda8 
37.exf7 Ra3+ 38.Kc2 Rxd3 39.Kxd3 Rxa2 40.Nd4 Kxf7 41.Nxb5 Rxd2+ 42.Kxd2 Bxb4+ 
43.Kd3 Be7 44.Ke4 Bd8 45.Kf5 Be7 46.Nc7 Bc5 47.f3 Bd6 48.Ne6 Bb4 49.Nd8+ Ke8 
50.Nc6 Bc3 51.Kg6 Kd7 52.Na7 Ke6 53.Nb5 Be5 54.f4 Bxf4 55.Nd4+ Kd5 56.Nf5 1-0

[Event "Jan Macieja Memorial"]
[Site "Warsaw POL"]
[Date "2023.07.10"]
[Round "11.15"]
[White "Ladan, Nicholas"]
[Black "Nesterenko, Kyrylo"]
[Result "0-1"]
[WhiteElo "2162"]
[BlackElo "1941"]
[EventDate "2023.07.10"]
[PlyCount "70"]

1.e3 Nf6 2.c4 c5 3.b3 g6 4.Bb2 Bg7 5.g3 O-O 6.Bg2 Nc6 7.Ne2 d6 8.d3 Bd7 9.O-O 
a6 10.Nbc3 Rb8 11.a3 b5 12.cxb5 axb5 13.Ra2 b4 14.axb4 Nxb4 15.Ra7 Nc6 16.Ra3 
Qc8 17.Qa1 Nb4 18.Qb1 Bf5 19.Rd1 Bh3 20.Bh1 Bg4 21.Rd2 Nd7 22.Ne4 Ne5 23.Bxe5 
Bxe5 24.d4 cxd4 25.Nxd4 d5 26.Ng5 Qc3 27.Ngf3 Bg7 28.Ne2 Qc5 29.Bg2 Ra8 30.Rxa8 
Rxa8 31.Qe1 Ra1 32.Rd1 Ra2 33.h3 Bd7 34.Ned4 e6 35.Rc1 Qb6 0-1

[Event "Jan Macieja Memorial"]
[Site "Warsaw POL"]
[Date "2023.07.10"]
[Round "11.16"]
[White "Niezhentsev, Kyrylo"]
[Black "Pires, Emanuel Joao Robarts"]
[Result "0-1"]
[WhiteElo "2151"]
[BlackElo "2005"]
[EventDate "2023.07.10"]
[PlyCount "86"]

1.e4 e6 2.d4 d5 3.Nc3 Nf6 4.Bg5 Be7 5.e5 Nfd7 6.Bxe7 Qxe7 7.f4 a6 8.Nf3 c5 9.g3 
Nc6 10.Bg2 cxd4 11.Nxd4 Qb4 12.Nb3 Qb6 13.Qe2 O-O 14.Qf2 Qc7 15.O-O b5 16.a4 b4 
17.Ne2 Na5 18.Nxa5 Qxa5 19.Nd4 Qc7 20.Rac1 Bb7 21.c3 Rac8 22.Qe3 Qb6 23.f5 exf5 
24.Rxf5 bxc3 25.bxc3 Nc5 26.Rg5 Ne6 27.Rg4 Rfe8 28.h4 Rc4 29.Kh2 Rec8 30.Rf1 
Rxc3 31.Qf2 R3c7 32.Nxe6 Qxe6 33.Rg5 h6 34.Bh3 Qe7 35.Bxc8 hxg5 36.Bxb7 Rxb7 
37.Qd4 gxh4 38.Qxd5 hxg3+ 39.Kxg3 Qg5+ 40.Kf3 Qf5+ 41.Kg2 Rb2+ 42.Kg1 Qg4+ 
43.Kh1 Qh3+ 0-1

[Event "Jan Macieja Memorial"]
[Site "Warsaw POL"]
[Date "2023.07.10"]
[Round "11.17"]
[White "Sieciechowicz, Marcin"]
[Black "Ochedzan, Tymon"]
[Result "0-1"]
[WhiteElo "2294"]
[BlackElo "2149"]
[EventDate "2023.07.10"]
[PlyCount "42"]

1.d4 Nf6 2.Nc3 d5 3.Bf4 g6 4.e3 Bg7 5.h4 h5 6.Nf3 Bg4 7.Be2 O-O 8.Ne5 Bxe2 
9.Qxe2 Nbd7 10.O-O-O e6 11.Bg5 Qe8 12.e4 Nxe5 13.dxe5 Nxe4 14.Nxe4 dxe4 15.g4 
Qa4 16.gxh5 Qxa2 17.hxg6 fxg6 18.c3 Rf3 19.Qxe4 Rxf2 20.Rd2 Raf8 21.h5 Rf1+ 0-1

[Event "Jan Macieja Memorial"]
[Site "Warsaw POL"]
[Date "2023.07.10"]
[Round "11.18"]
[White "Kiolbasa, Oliwia"]
[Black "Fiszer, Bartosz"]
[Result "1-0"]
[WhiteElo "2269"]
[BlackElo "2132"]
[EventDate "2023.07.10"]
[PlyCount "48"]

1.e4 c5 2.Nf3 d6 3.d4 cxd4 4.Nxd4 Nf6 5.Nc3 Nc6 6.Bb5 Bd7 7.Bg5 e6 8.Qd3 Be7 
9.O-O-O a6 10.Bxc6 bxc6 11.Nb3 d5 12.e5 Ng8 13.Bxe7 Qxe7 14.Qg3 f6 15.Na4 fxe5 
16.Qxe5 Nf6 17.Nbc5 O-O 18.f3 Rad8 19.Rhe1 Rfe8 20.Nxa6 Ra8 21.N6c5 Bc8 22.b3 
Nd7 23.Qxe6+ Qxe6 24.Nxe6 Re7 1-0

[Event "Jan Macieja Memorial"]
[Site "Warsaw POL"]
[Date "2023.07.10"]
[Round "11.19"]
[White "Cukrowski, Filip"]
[Black "Kultiyasov, Mikhail"]
[Result "1/2-1/2"]
[WhiteElo "2258"]
[BlackElo "2104"]
[EventDate "2023.07.10"]
[PlyCount "90"]

1.d4 Nf6 2.c4 g6 3.Nc3 Bg7 4.e4 O-O 5.Nf3 c6 6.Bd3 d6 7.O-O e5 8.d5 Na6 9.a3 
Nc5 10.Bc2 a5 11.b3 cxd5 12.cxd5 Bd7 13.Be3 Ng4 14.Bxc5 dxc5 15.h3 Nh6 16.Bd3 
f5 17.Rc1 Nf7 18.Re1 Re8 19.Bb5 Nd6 20.Bxd7 Qxd7 21.a4 Rac8 22.Ng5 Bh6 23.h4 
Bxg5 24.hxg5 f4 25.Nb5 Nxb5 26.axb5 Qd6 27.b6 Red8 28.g3 fxg3 29.fxg3 Qxb6 
30.Re3 c4 31.Rc3 cxb3 32.Rxb3 Qc5 33.Qe2 b6 34.Kg2 Qc1 35.Rb2 Rf8 36.Reb3 Qa1 
37.Qg4 Rc1 38.Qe6+ Kh8 39.Qxe5+ Kg8 40.Qe6+ Rf7 41.Qe8+ Kg7 42.Qe5+ Kg8 43.Qe8+ 
Rf8 44.Qe6+ Rf7 45.Qe8+ Kg7 1/2-1/2

[Event "Jan Macieja Memorial"]
[Site "Warsaw POL"]
[Date "2023.07.10"]
[Round "11.20"]
[White "Malek, Jan"]
[Black "Padalka, Artem"]
[Result "1-0"]
[WhiteElo "2255"]
[BlackElo "2073"]
[EventDate "2023.07.10"]
[PlyCount "139"]

1.d4 Nf6 2.c4 c5 3.d5 b5 4.Nf3 b4 5.Qc2 g6 6.e4 d6 7.Bd3 Bg7 8.O-O O-O 9.a3 
bxa3 10.Rxa3 Na6 11.Nc3 Nb4 12.Qe2 Bg4 13.h3 Bxf3 14.Qxf3 Nd7 15.Qe2 Bd4 16.Bb1 
e5 17.Nb5 Qb6 18.Qg4 Nf6 19.Qf3 Nd7 20.Qg4 Nf6 21.Qh4 Nh5 22.Bh6 Rfe8 23.Rf3 
Qd8 24.Bg5 Qd7 25.Bh6 a6 26.Nc3 Qe7 27.Qxh5 gxh5 28.Rg3+ Kh8 29.Bg7+ Kg8 
30.Bh6+ Kh8 31.Bg7+ Kg8 32.Bf6+ Kf8 33.Bxe7+ Rxe7 34.Rf3 a5 35.Rf5 Bxc3 36.bxc3 
Na6 37.Rxh5 Kg7 38.Bc2 Rb8 39.Ba4 Rb2 40.Rg5+ Kh6 41.Rf5 Kg6 42.Ra1 Reb7 43.Bb5 
Nc7 44.Rxa5 Rb1+ 45.Kh2 Nxb5 46.cxb5 R1xb5 47.Ra8 Rb8 48.Ra6 R5b6 49.Ra7 R6b7 
50.Ra2 Rb3 51.Rf3 R8b7 52.Ra8 Rb8 53.Ra6 R3b6 54.Ra7 R8b7 55.Ra8 Rb8 56.Rxb8 
Rxb8 57.c4 Rb4 58.Rc3 f5 59.f3 fxe4 60.fxe4 Rb2 61.Kg3 Re2 62.Kf3 Rd2 63.Ra3 
Rc2 64.Ra6 Rxc4 65.Rxd6+ Kf7 66.Rc6 h5 67.Rc8 Rc3+ 68.Kf2 Rc2+ 69.Kg3 c4 70.Kh4 1-0

[Event "Jan Macieja Memorial"]
[Site "Warsaw POL"]
[Date "2023.07.10"]
[Round "11.21"]
[White "Czerwonski, Aleksander"]
[Black "Bazilius, Augustinas"]
[Result "1-0"]
[WhiteElo "2242"]
[BlackElo "2050"]
[EventDate "2023.07.10"]
[PlyCount "103"]

1.d4 Nf6 2.c4 g6 3.Nc3 d5 4.Nf3 Bg7 5.Bg5 Ne4 6.cxd5 Nxg5 7.Nxg5 e6 8.Nf3 exd5 
9.e3 O-O 10.b4 c6 11.Be2 Re8 12.O-O Bf8 13.Qb3 Bd6 14.b5 Nd7 15.bxc6 bxc6 
16.Qa4 Qf6 17.Rfc1 Nb6 18.Qa5 Bg4 19.h3 Bd7 20.Na4 Nxa4 21.Qxa4 h5 22.Nd2 Bc7 
23.Bf3 Qd6 24.Nf1 c5 25.Qa3 cxd4 26.Qxd6 Bxd6 27.Bxd5 Rac8 28.exd4 Bb4 29.Rab1 
a5 30.Ne3 Be6 31.Bxe6 Rxc1+ 32.Rxc1 Rxe6 33.d5 Rd6 34.Rd1 Kg7 35.Nc4 Rd7 36.d6 
Kf6 37.a3 Bc5 38.Rd5 Ba7 39.Rxa5 Bb8 40.Rb5 Bxd6 41.Rb6 Ke7 42.Rxd6 Rxd6 
43.Nxd6 Kxd6 44.f4 Kc5 45.Kf2 Kc4 46.Kf3 Kb3 47.f5 Kxa3 48.fxg6 fxg6 49.Kf4 Kb3 
50.Kg5 Kc3 51.Kxg6 Kd3 52.Kxh5 1-0

[Event "Jan Macieja Memorial"]
[Site "Warsaw POL"]
[Date "2023.07.10"]
[Round "11.22"]
[White "Sanz, Losada Victoriano"]
[Black "Chylewski, Patryk"]
[Result "0-1"]
[WhiteElo "2010"]
[BlackElo "2226"]
[EventDate "2023.07.10"]
[PlyCount "172"]

1.d4 Nf6 2.c4 c5 3.d5 e5 4.Nc3 d6 5.e4 g6 6.f3 Bg7 7.Be3 Na6 8.Qd2 Nh5 9.Bd3 
Nc7 10.Nge2 f5 11.exf5 gxf5 12.O-O-O Bd7 13.g4 f4 14.Bf2 Nf6 15.h4 Qe7 16.h5 h6 
17.Bg6+ Kd8 18.Rhe1 Qf8 19.Bh4 Kc8 20.Kb1 b6 21.Ng1 Kb7 22.Nh3 Be8 23.Qc2 Bd7 
24.Nf2 Nce8 25.Nfe4 Nxe4 26.Nxe4 Nf6 27.Rg1 Nxe4 28.Qxe4 Bf6 29.g5 Be7 30.Rd2 
Qd8 31.Rdg2 Bh3 32.Rh2 hxg5 33.Bxg5 Bxg5 34.Rxh3 Bh4 35.Rg4 Bg3 36.Qf5 Rh6 
37.Qf7+ Qc7 38.Qf5 Rg8 39.Qe4 Qe7 40.a3 Qf6 41.Ka2 a6 42.Kb1 Qe7 43.Ka2 Qd7 
44.Kb1 b5 45.Bf5 Qe8 46.Bg6 Qd8 47.Qf5 bxc4 48.Qf7+ Kb8 49.Qf5 Qb6 50.Qc2 Qb5 
51.Rh1 Ka7 52.Rc1 Rb8 53.Ka1 Qb6 54.Qc3 Bf2 55.Rc2 Bd4 56.Qd2 Qb3 57.Rc3 Bxc3 
58.Qxc3 Qxc3 59.bxc3 Rb3 60.Be8 Rxc3 61.Rg7+ Kb6 62.Rd7 Rxa3+ 63.Kb2 Rxf3 
64.Bg6 c3+ 65.Kc2 Kb5 66.Rxd6 Kc4 67.Rc6 Rf2+ 68.Kc1 Kxd5 69.Rxa6 Kd4 70.Ra4+ 
Ke3 71.Re4+ Kf3 72.Rxe5 Rh2 73.Rxc5 Kg3 74.Rxc3+ f3 75.Be4 Rf2 76.Bg6 Ra2 
77.Be4 Rf6 78.h6 Rf2 79.h7 Rh6 80.Rc8 Rfh2 81.Rf8 f2 82.Rf3+ Kg4 83.Kd1 Rh1+ 
84.Ke2 Re1+ 85.Kxf2 Rxe4 86.Rf7 Rf4+ 0-1

[Event "Jan Macieja Memorial"]
[Site "Warsaw POL"]
[Date "2023.07.10"]
[Round "11.23"]
[White "Bartel, Marta"]
[Black "Mickiewicz, Piotr"]
[Result "0-1"]
[WhiteElo "1985"]
[BlackElo "2224"]
[EventDate "2023.07.10"]
[PlyCount "106"]

1.d4 Nf6 2.Nf3 c5 3.d5 d6 4.c4 g6 5.Nc3 Bg7 6.h3 e6 7.Bf4 exd5 8.cxd5 a6 9.a4 
Qe7 10.e3 O-O 11.Be2 Nbd7 12.O-O Ne8 13.Nd2 Ne5 14.Bxe5 Bxe5 15.Nc4 Bg7 16.Ra3 
Rb8 17.a5 f5 18.Rb3 Nf6 19.Bf3 Nd7 20.Na4 Ne5 21.Nxe5 Bxe5 22.Nb6 Bd7 23.Be2 h5 
24.Nc4 Ba4 25.Qd3 Bxb3 26.Qxb3 h4 27.Qb6 Rbd8 28.Bf3 Bf6 29.b4 cxb4 30.Qxb4 Rc8 
31.Rb1 Rfd8 32.Nb6 Rc5 33.Qd2 Bc3 34.Qd3 Bxa5 35.Nc4 Qc7 36.Nxa5 Qxa5 37.Qd4 
Rd7 38.Qf6 Qc3 39.Qxg6+ Qg7 40.Qxf5 Rdc7 41.Qe6+ Kf8 42.Rd1 Qe5 43.Qh6+ Ke7 
44.Qh7+ Kd8 45.Qxh4+ Kc8 46.Bg4+ Kb8 47.Be6 Rc1 48.Qg4 R7c4 49.Qg8+ Ka7 50.Bg4 
Rxd1+ 51.Bxd1 Rc1 52.Qg4 Qxd5 53.Kh2 Rxd1 0-1

[Event "Jan Macieja Memorial"]
[Site "Warsaw POL"]
[Date "2023.07.10"]
[Round "11.24"]
[White "Kopczynski, Michal"]
[Black "Paprocki, Antoni"]
[Result "1-0"]
[WhiteElo "2210"]
[BlackElo "1978"]
[EventDate "2023.07.10"]
[PlyCount "106"]

1.e4 c6 2.d4 d5 3.e5 Bf5 4.g4 Bd7 5.Be3 e6 6.f4 h5 7.g5 Ne7 8.Bd3 g6 9.Nd2 Qc7 
10.Qf3 Nc8 11.Ne2 c5 12.dxc5 Bxc5 13.Bxc5 Qxc5 14.Nb3 Qc7 15.Ned4 a6 16.O-O Nc6 
17.Rac1 b5 18.Qf2 Nxd4 19.Qxd4 Nb6 20.Nc5 O-O 21.b4 Nc4 22.Bxc4 bxc4 23.c3 a5 
24.a3 axb4 25.axb4 Ra2 26.Rf2 Rfa8 27.Rcc2 Ra1+ 28.Kg2 Ba4 29.Ra2 Bb3 30.Rxa8+ 
Rxa8 31.f5 gxf5 32.g6 Qe7 33.gxf7+ Kxf7 34.Qf4 Rg8+ 35.Kf1 Qf8 36.Rg2 Rxg2 
37.Kxg2 Qg7+ 38.Qg3 Qh6 39.b5 Qd2+ 40.Kh3 f4 41.Qg5 Qe3+ 42.Kh4 Qxc5 43.Qf6+ 
Ke8 44.Qxe6+ Qe7+ 45.Qxe7+ Kxe7 46.b6 Kd7 47.e6+ Kxe6 48.b7 d4 49.cxd4 c3 
50.b8=Q c2 51.Qxf4 Kd5 52.Kxh5 Kc4 53.Kg4 Kd5 1-0

[Event "Jan Macieja Memorial"]
[Site "Warsaw POL"]
[Date "2023.07.10"]
[Round "11.25"]
[White "Fistek, Dariusz"]
[Black "Jedrusik, Adam"]
[Result "1-0"]
[WhiteElo "2159"]
[BlackElo "2023"]
[EventDate "2023.07.10"]
[PlyCount "71"]

1.d4 d5 2.c4 c6 3.Nc3 Nf6 4.Nf3 e6 5.e3 Nbd7 6.Qc2 Bd6 7.b3 O-O 8.Be2 b6 9.O-O 
Bb7 10.Bb2 Qe7 11.Rad1 Rad8 12.Rfe1 Rfe8 13.Bf1 c5 14.cxd5 Nxd5 15.Ne4 Bb8 
16.dxc5 Nxc5 17.Nxc5 bxc5 18.Bb5 Rf8 19.a3 a6 20.Bd3 h6 21.Ne5 Nb6 22.f4 Nd7 
23.Nc4 Nf6 24.g3 Qe8 25.Ne5 Nd7 26.Nxd7 Rxd7 27.Qxc5 Qd8 28.Bc2 Rd5 29.Rxd5 
Bxd5 30.Qd4 f6 31.Rd1 Qd7 32.Qd3 Qb7 33.Qh7+ Kf7 34.Bg6+ Ke7 35.Qxg7+ Kd8 
36.Qxf8+ 1-0

[Event "Jan Macieja Memorial"]
[Site "Warsaw POL"]
[Date "2023.07.10"]
[Round "11.26"]
[White "Malik, Maciej"]
[Black "Chomczyk, Marek"]
[Result "1-0"]
[WhiteElo "1886"]
[BlackElo "2217"]
[EventDate "2023.07.10"]
[PlyCount "83"]

1.e4 e5 2.Nf3 Nf6 3.Nxe5 Nxe4 4.Qe2 Qe7 5.Qxe4 d6 6.Nc3 Qxe5 7.Qxe5+ dxe5 8.Bc4 
Bf5 9.d3 Nc6 10.O-O f6 11.Re1 O-O-O 12.Be3 Bb4 13.a3 Ba5 14.b4 Bb6 15.Nd5 Bxe3 
16.Nxe3 Bg6 17.f3 Nd4 18.c3 Nf5 19.Be6+ Kb8 20.Bxf5 Bxf5 21.Nxf5 Rxd3 22.Re3 
Rhd8 23.Rxd3 Rxd3 24.Nxg7 Rxc3 25.Nh5 f5 26.Nf6 h6 27.Nd7+ Kc8 28.Nxe5 b5 
29.Kf2 f4 30.Ra2 Kb7 31.Ng6 Rc4 32.h4 h5 33.Ke2 a5 34.bxa5 Ka6 35.Ne5 Rc3 
36.Nd3 Rc4 37.Kd2 Kxa5 38.Rc2 Ka4 39.Rxc4+ bxc4 40.Nxf4 Kb3 41.Kc1 Kxa3 42.g4 1-0

[Event "Jan Macieja Memorial"]
[Site "Warsaw POL"]
[Date "2023.07.10"]
[Round "11.28"]
[White "Bartel, Michal"]
[Black "Wieckowski, Michal"]
[Result "1-0"]
[WhiteElo "2282"]
[BlackElo "1792"]
[EventDate "2023.07.10"]
[PlyCount "75"]

1.e4 c5 2.Ne2 Nc6 3.g3 g6 4.Bg2 Bg7 5.c3 e5 6.d3 Nge7 7.Be3 d6 8.O-O O-O 9.f4 
f5 10.Nd2 Rb8 11.Nf3 b5 12.Qd2 b4 13.fxe5 Nxe5 14.Nxe5 Bxe5 15.Bh6 Rf7 16.d4 
bxc3 17.bxc3 cxd4 18.cxd4 Bf6 19.Rad1 fxe4 20.Bxe4 d5 21.Bg2 Nf5 22.Bf4 Rb6 
23.Kh1 Nd6 24.Bxd5 Bb7 25.Bxb7 Rbxb7 26.d5 Rb2 27.Qd3 Rxa2 28.Nd4 Ra4 29.Ne6 
Qb6 30.Rb1 Rb4 31.Rxb4 Qxb4 32.Rb1 Bb2 33.Bxd6 Qxd6 34.Rxb2 Re7 35.Qf3 Rf7 
36.Qe4 Re7 37.Rf2 Qa3 38.Rf8# 1-0

[Event "Jan Macieja Memorial"]
[Site "Warsaw POL"]
[Date "2023.07.10"]
[Round "11.29"]
[White "Minald, Andrey"]
[Black "Lecki, Leonard"]
[Result "0-1"]
[WhiteElo "2155"]
[BlackElo "1879"]
[EventDate "2023.07.10"]
[PlyCount "110"]

1.c4 e5 2.Nc3 Nf6 3.g3 c6 4.d4 exd4 5.Qxd4 d5 6.cxd5 cxd5 7.Bg5 Be7 8.Bg2 Nc6 
9.Qa4 Be6 10.Nf3 h6 11.Bf4 O-O 12.O-O Rc8 13.Rfd1 Qb6 14.Rd2 Ng4 15.Rf1 g5 
16.h3 gxf4 17.hxg4 fxg3 18.Nxd5 gxf2+ 19.Rxf2 Bxd5 20.Rxd5 Bc5 21.Rxc5 Qxc5 
22.Qf4 Ne7 23.e3 Kg7 24.Nh4 Qg5 25.Qd4+ Kg8 26.Nf3 Rc1+ 27.Kh2 Qc5 28.Qe4 Qd6+ 
29.Kh3 Ng6 30.Nd4 Qe7 31.Qxe7 Nxe7 32.Bxb7 Rb8 33.Be4 Re1 34.Nc2 Rxb2 35.Kg3 
Rg1+ 36.Kf4 Rxa2 37.Ke5 Rxg4 38.Bd3 Ng6+ 39.Kd6 Rg3 40.Bc4 Ra4 41.Bxf7+ Kg7 
42.Bb3 Ra6+ 43.Kc7 Ne5 44.Rf5 Rg5 45.Rf2 Rb6 46.Bd5 Rb2 47.e4 Rg3 48.Kd6 Ng6 
49.Rf7+ Kh8 50.Nd4 Rb6+ 51.Kc7 Rc3+ 52.Nc6 Rcxc6+ 53.Bxc6 Rxc6+ 54.Kb7 Rb6+ 
55.Kxa7 Re6 0-1